Historia de la teoría política /

Guardado en:
Autor Principal: Sabine, George H.
Otros Autores: Herrero, Vicente, (trad.), Landon Thorson, Thomas, (Revisador)
Formato: Desconocido
Idioma:Spanish
Publicado: México : Fondo de Cultura Económica, 1994
Edición:3a. ed.
Series:Política y Derecho
Materias:
Etiquetas: Agregar Etiqueta
Sin Etiquetas, Sea el primero en etiquetar este registro!
LEADER 00657nac a22001935a 4500
001 DER.der000841
008 180615s1994####ag#||||||||||||||#||spa||
005 20260211140915.0
245 1 0 |a Historia de la teoría política /  |c George H. Sabine ; traducido por Vicente Herrero ; revisado por Thomas Landon Thorson. 
250 |a 3a. ed. 
260 |a México :  |b Fondo de Cultura Económica,  |c 1994 
300 |a 697 p. 
440 0 |a Política y Derecho 
020 |a 968164199X 
100 1 |a Sabine, George H. 
700 1 |a Herrero, Vicente,  |e trad. 
700 1 |a Landon Thorson, Thomas,  |e rev. 
650 7 |a CIENCIA POLITICA 
859 |a DERECHO  |b BIB. DERECHO  |h 320.9  |i SAB  |p 001464